00544nam a22001937a 4500010001300000020001400013035001300027037001800040040001200058082001300070245011400083260003200197270002600229300002200255650001800277650001800295700001800313700001900331 aA-216154 a090781204 aA-216154 bCen Lib / Ret aDPLbEN a635bCOL aColourful houseplants :ban illustrated guide to indoor gardening /cedited by Peter McHoy [and] David Squire aLondonbOctopus Booksc1978 aOctopus BooksbLondon a128p ; c32cm(Hb) aHouse plants. aIndoor plants aMcHoy, Peter  aSquire, David